000 00490nam a2200181Ia 4500
005 20250508163703.0
008 008 250505s9999 xx 000 0 eng d
037 _aTextual
040 _aFEDL
_beng
_cFEDL
041 _aeng
_2eng
084 _a371.7, KOK
_qFEDL
100 _aKokate Sanjay
_9775994
245 0 _aGames for character building
260 _aJaipur, India
_bBook Enclave
_c1997
300 _a211p
942 _cTEXL
_h371.7, KOK
999 _c1384712
_d1384712